| 000 | 01253nam0a22002771 4500 | ||
|---|---|---|---|
| 001 | rc\3161469 | ||
| 005 | 20120615105806.9 | ||
| 021 |
_aRU _b[76-104542] |
||
| 035 | _a(NLR Aleph) 007325512 | ||
| 090 |
_a5954741 _c5954741 |
||
| 100 | _a20120615d1976 |||y0rusy50 ca | ||
| 101 | 0 | _arus | |
| 102 | _aRU | ||
| 105 | _aa z ||||| | ||
| 200 | 1 |
_aИсследование строения и фазового состава минеральных объектов комплексом физических методов анализа _e(Сборник науч. трудов) _fВсесоюз. науч.-исслед. ин-т минер. сырья _g[Науч. ред. канд. геол.-минерал. наук Г.К. Кривоконева] |
|
| 210 |
_aМосква _cВИМС _d1976 |
||
| 215 |
_a113 с. _cил. _d20 |
||
| 320 | _aСписки лит. в конце работ | ||
| 606 |
_aМинералы _xФизико-механические исследования _jСборники _2psbo |
||
| 702 | 1 |
_aКривоконева _bГ. К. _4340 |
|
| 712 | 0 | 2 |
_aВНИИ минерального сырья _3RU\NLR\AUTH\8813013 |
| 801 | 0 |
_aRU _bNLR _gpsbo |
|
| 801 | 1 |
_aRU _bELAR _2rusmarc |
|
| 852 |
_aNLR _j77-3/4966 |
||
| 942 | _cBOOK | ||
| 980 | _aNB | ||